Úver či lízing auta. Čo sa oplatí viac?

Ponuka produktov lízingových spoločností a bánk s rôznou lehotou viazanosti a s výhodným úročením. Kde vybaviť úver na auto. Výber vhodného úveru. Zákonné a havarijné poistenie auta v banke. Výhoda úveru na auto - vlastníkom sa stávate okamžite. Pre koho je výhodný lízing. Poplatky za lízing. Príkla...

Description complète

Enregistré dans:
Détails bibliographiques
Auteur principal: Voštenáková, Zuzana
Format: Chapitre de livre
Langue:slovaque
Sujets:
Tags: Ajouter un tag
Pas de tags, Soyez le premier à ajouter un tag!

MARC

LEADER 00000naa a2200000 4500
001 0129743
005 20231113071017.1
041 0 |a slo 
044 |a SK 
245 1 0 |a Úver či lízing auta. Čo sa oplatí viac?  |c Zuzana Voštenáková 
520 |a Ponuka produktov lízingových spoločností a bánk s rôznou lehotou viazanosti a s výhodným úročením. Kde vybaviť úver na auto. Výber vhodného úveru. Zákonné a havarijné poistenie auta v banke. Výhoda úveru na auto - vlastníkom sa stávate okamžite. Pre koho je výhodný lízing. Poplatky za lízing. Príklady z praxe. 
610 2 0 |a automobily 
610 2 0 |a úver bankový 
610 2 0 |a lízing 
610 2 0 |a poplatky 
610 2 0 |a poistenie 
100 1 |a Voštenáková, Zuzana